Metallica - Enter Sandman - Statistics

General Stats
  • This quiz has been taken 4,729 times
  • The average score is 35 of 39
Answer Stats
Hint Answer % Correct
Take my _____ hand
97%
Take my ____ hand
97%
Take my ____ hand
97%
Exit _____ light
97%
Exit _____ light
97%
Exit ____ light
97%
Exit ____ light
97%
Enter _____ night
97%
Enter _____ night
97%
Enter _____ night
97%
Enter _____ night
97%
Sleep with one ___ open eye
96%
Gripping your _____ tight pillow
95%
Gripping your _____ tight pillow
95%
Grain of ____ sand
94%
Off to never never ____ land
93%
Off to _____ ______ land never never
93%
Sleep with one eye ____ open
93%
Hush little baby, don't say a ____ word
93%
To include _______ everyone
92%
Don't forget, my ___ son
92%
In your closet, in your ____ head
91%
Say your _____ little one prayers
91%
We're ___ to never never land off
90%
Pray the lord my ____ to take soul
90%
Till the ______ he comes sandman
89%
Keep you free from ___ sin
89%
If I die before I ____ wake
88%
Pray the lord my soul to ____ keep
86%
Now I lay me down to _____ sleep
86%
Something's ______, shut the light wrong
81%
Dreams of dragon's ____ fire
80%
And never mind that ____ you heard noise
80%
It's just the _____ under your bed beast
79%
______ of war, ______ of liars dreams
75%
Heavy thoughts ______ tonight
74%
And they aren't of snow ____ white
72%
And of ______ that will bite things
63%
Tuck you in, ____ within warm
58%
No matching quizzes found
Score Distribution
Percent of People with Each Score
Percentile by Number Answered
Your Score History
You have not taken this quiz